000 00881cam a22002651 4500
001 gs 21000067
003 DLC
005 20260227111325.0
008 870529s1920 oru 000 0 eng c
010 _ags 21000067
035 _a(OCoLC)15748684
040 _aLibrary, U.S. Geological Survey
_cTNJ
_dTNJ
_dDLC
042 _apremarc
050 0 0 _aQE690
_b.M3
100 1 _aMcCornack, Ellen Condon,
_cMrs.
245 1 0 _aContributions to the pleistocene history of Oregon,
_cby Ellen Condon McCornack.
260 _aEugene, Ore.,
_c1920.
300 _a22 p.
_bincl. 2 maps. tab.
_c26 cm.
490 0 _aOregon. University leaflet series. Geology bulletin,
_vv. 6: no. 3, pt. 2. Oct., 1920
500 _aCover-title.
650 0 _aGeology, Stratigraphic
_yPleistocene.
650 0 _aPaleontology
_yPleistocene.
650 0 _aGeology
_zOregon.
650 0 _aPaleontology
_zOregon.
999 _c26069
_d26069